[Event "Mechanics' Spring TNM; 30/90, SD/30"]
[Site "San Francisco"]
[Date "2009.04.07"]
[Round "4.23"]
[White "Cole, Tony"]
[Black "Starr, Albert"]
[Result "1-0"]
[WhiteElo "1413"]
[BlackElo "1621"]
[PlyCount "67"]
[EventDate "2009.??.??"]

1. e4 e5 2. Nf3 Nf6 3. Nxe5 d6 4. Nc4 Nxe4 5. Qe2 Qe7 6. Ne3 Nc6 7. Qc4 Nf6 8.
Be2 Be6 9. Qb5 Rb8 10. Nc3 Qd7 11. Qg5 Nd4 12. b3 Nxe2 13. Nxe2 Qe7 14. Bb2 h6
15. Qa5 a6 16. O-O-O Ng4 17. Nxg4 Bxg4 18. f3 Bc8 19. Rde1 b6 20. Qb4 c5 21.
Qf4 Qg5 22. Ng3+ Be7 23. Qxd6 Rb7 24. Qc6+ Rd7 25. Qxc8+ Rd8 26. Qc6+ Rd7 27.
Ne4 Qf4 28. Bxg7 Kd8 29. Bxh8 f5 30. g3 Qxf3 31. Qa8+ Kc7 32. Be5+ Bd6 33.
Bxd6+ Rxd6 34. Qa7+ 1-0

[Event "Capps Memorial"]
[Site "San Francisco"]
[Date "2009.11.08"]
[Round "5"]
[White "De Guzman, Ricardo"]
[Black "Lee, Andy C"]
[Result "1/2-1/2"]
[WhiteElo "2469"]
[BlackElo "2305"]
[PlyCount "120"]
[EventDate "2009.11.08"]
[EventType "swiss"]
[EventRounds "6"]
[EventCountry "USA"]

1. c4 Nf6 2. Nc3 g6 3. Nf3 Bg7 4. g3 O-O 5. Bg2 d6 6. O-O Nc6 7. d4 a6 8. b3
Rb8 9. Bb2 b5 10. cxb5 axb5 11. Rc1 Bd7 12. d5 Na5 13. Nd2 b4 14. Ncb1 Bb5 15.
Nc4 Bxc4 16. bxc4 b3 17. axb3 Nxb3 18. Rc2 Nd7 19. Na3 Bxb2 20. Rxb2 Nbc5 21.
Nb5 Nb6 22. Qc2 Ra8 23. Rb4 Qd7 24. Rfb1 Ra6 25. h3 Rfa8 26. R1b2 Ra1+ 27. Kh2
R8a6 28. f4 R1a4 29. h4 f5 30. h5 Rxb4 31. Rxb4 Ra8 32. h6 Nba4 33. Rb1 Qd8 34.
Kg1 Qf8 35. Nxc7 Rc8 36. Nb5 Qxh6 37. Rb4 Qg7 38. Rxa4 Nxa4 39. Qxa4 Qb2 40.
Kf2 Qc1 41. Na3 Rb8 42. Nb5 (42. Nc2 Qb2 43. c5 dxc5 44. Qa7 Qb7 45. Qxc5 Qb6
46. Qxb6 Rxb6 47. Nd4) 42... Rc8 43. Nd4 (43. Qa7 Qxc4 44. Qxe7) 43... Qxc4 44.
Qxc4 Rxc4 45. Ne6 h6 46. Bf3 Kf7 47. g4 fxg4 48. Bxg4 g5 49. Kf3 Kf6 50. fxg5+
hxg5 51. e3 Ra4 52. Nd4 Ra1 53. Be6 Rf1+ 54. Kg2 Re1 55. Kf2 Rc1 56. Nf3 Rc2+
57. Kg3 Re2 58. Kg4 Rg2+ 59. Kh3 Re2 60. Kg4 Rg2+ 1/2-1/2

[Event "Mechanics' Fall TNM; 30/90, SD/30"]
[Site "San Francisco"]
[Date "2009.12.15"]
[Round "9.17"]
[White "Dembling, Arthur"]
[Black "Allen, Tom"]
[Result "1-0"]
[WhiteElo "1729"]
[BlackElo "1550"]
[PlyCount "89"]
[EventDate "2009.??.??"]

1. e4 e5 2. Nf3 Nc6 3. Bb5 f5 4. Bxc6 dxc6 5. Nc3 Nf6 6. Qe2 Bb4 7. exf5 Bxc3
8. dxc3 O-O 9. Qc4+ Kh8 10. O-O Bxf5 11. Bg5 e4 12. Nd4 Bg6 13. Rfe1 Bf7 14.
Qe2 Re8 15. Rad1 Bh5 16. Qxh5 Nxh5 17. Bxd8 Raxd8 18. Nf5 Nf6 19. h3 Rd5 20.
Ne3 Rd6 21. Rd4 Red8 22. Red1 c5 23. Rxd6 Rxd6 24. Kf1 Kg8 25. Ke2 Kf7 26. Nf5
Rxd1 27. Kxd1 Nd5 28. Kd2 Kf6 29. Ne3 Ke5 30. g3 h5 31. c4 Ne7 32. Ng2 g5 33.
Ne3 c6 34. Ke2 Nf5 35. Nxf5 Kxf5 36. Ke3 Ke5 37. c3 b6 38. a4 a5 39. g4 h4 40.
b3 Kf6 41. Kxe4 Ke6 42. f4 gxf4 43. Kxf4 Kf6 44. g5+ Kg6 45. Kg4 1-0

[Event "Mechanics' Wilkerson Mem TNM; 30/90, SD"]
[Site "San Francisco"]
[Date "2009.09.22"]
[Round "8.12"]
[White "Dembling, Arthur"]
[Black "Chen, Max"]
[Result "0-1"]
[WhiteElo "1733"]
[BlackElo "1586"]
[PlyCount "54"]
[EventDate "2009.??.??"]

1. e4 c5 2. Nf3 Nc6 3. Bb5 a6 4. Bxc6 bxc6 5. O-O d5 6. d3 Bg4 7. Bf4 Qb6 8. b3
g6 9. Be5 Nf6 10. Nbd2 Bg7 11. h3 Bd7 12. Qe2 O-O 13. c4 e6 14. Rad1 a5 15. Rb1
a4 16. bxa4 Qa6 17. Bd6 Rfd8 18. Nb3 Qxa4 19. Nxc5 Qa7 20. Rb7 Qa5 21. Rfb1 Bc8
22. Bc7 Qxc5 23. Bxd8 Bxb7 24. Bxf6 Bxf6 25. Rxb7 Qa3 26. e5 Bg7 27. Ng5 Qc1+
0-1

[Event "Mechanics' Wilkerson Mem TNM; 30/90, SD"]
[Site "San Francisco"]
[Date "2009.08.11"]
[Round "2.21"]
[White "Dembling, Arthur"]
[Black "Cole, Tony"]
[Result "1/2-1/2"]
[WhiteElo "1733"]
[BlackElo "1432"]
[PlyCount "98"]
[EventDate "2009.??.??"]

1. e4 e5 2. Nf3 d5 3. exd5 Qxd5 4. Nc3 Qe6 5. Be2 Be7 6. O-O Bd7 7. d4 exd4 8.
Nxd4 Qd6 9. Bf3 c6 10. Be3 a6 11. Qd2 Nf6 12. Rad1 O-O 13. Qc1 Nd5 14. Nxd5
cxd5 15. Rfe1 Be6 16. Bf4 Qd7 17. Nxe6 fxe6 18. Rxe6 d4 19. Re4 Nc6 20. Be2 Qf5
21. Bd3 Qd5 22. b3 Kh8 23. Rde1 Bb4 24. R1e2 Qa5 25. a4 b5 26. Re6 Rac8 27.
axb5 axb5 28. Bd6 Rfd8 29. Bxb4 Nxb4 30. Qd2 Qa1+ 31. Re1 Qc3 32. Qe2 Rf8 33.
Bxb5 Nxc2 34. Rc1 Qxb3 35. Bd3 Qa3 36. Rd1 Nb4 37. g3 Rc1 38. Rxc1 Qxc1+ 39.
Kg2 Qc3 40. Re8 Qc6+ 41. Re4 Nxd3 42. Qxd3 Re8 43. f3 Rxe4 44. Qxe4 Qxe4 45.
fxe4 Kg8 46. Kf2 Kf7 47. Ke2 Ke6 48. h3 Ke5 49. Kd3 h5 1/2-1/2

[Event "Mechanics' Spring TNM; 30/90, SD/30"]
[Site "San Francisco"]
[Date "2009.04.14"]
[Round "5.10"]
[White "Dembling, Arthur"]
[Black "Farzaneh-Far, Ramin"]
[Result "0-1"]
[WhiteElo "1714"]
[BlackElo "1895"]
[PlyCount "80"]
[EventDate "2009.??.??"]

1. e4 e5 2. Nf3 Nc6 3. Bb5 a6 4. Bxc6 dxc6 5. O-O f6 6. d4 Bg4 7. dxe5 Qxd1 8.
Rxd1 fxe5 9. Rd3 Bd6 10. Bg5 h6 11. Bh4 Ne7 12. Nbd2 b5 13. h3 Be6 14. b3 g5
15. Bg3 Ng6 16. Rd1 O-O 17. Nf1 Nf4 18. Bxf4 Rxf4 19. N1h2 Rxe4 20. Re1 Rxe1+
21. Nxe1 Rf8 22. Re3 Bf5 23. Nd3 e4 24. Ne1 h5 25. g4 hxg4 26. Nxg4 Bxg4 27.
hxg4 Rf4 28. Rg3 Bc5 29. Rg2 Kf7 30. c3 Ke6 31. Nc2 Rf3 32. Nd4+ Bxd4 33. cxd4
Kd5 34. Kf1 e3 35. Ke2 Rxf2+ 36. Rxf2 exf2 37. Kxf2 Kxd4 38. Kf3 Kd3 39. b4 Kd4
40. a3 Kd3 0-1

[Event "Mechanics' Winter TNM; 30/90, SD/30"]
[Site "San Francisco"]
[Date "2009.01.13"]
[Round "2.11"]
[White "Dembling, Arthur"]
[Black "Gaffagan, Steven"]
[Result "0-1"]
[WhiteElo "1714"]
[BlackElo "2037"]
[PlyCount "98"]
[EventDate "2009.??.??"]

1. e4 c5 2. Nf3 d6 3. Bb5+ Nd7 4. d4 cxd4 5. Qxd4 a6 6. Bxd7+ Qxd7 7. O-O e5 8.
Qd3 Be7 9. Nc3 Nf6 10. Bg5 O-O 11. Rad1 Rd8 12. Rfe1 Qc6 13. Bxf6 Bxf6 14. Nd5
Be6 15. c3 Bxd5 16. Qxd5 Rac8 17. Nd2 Qxd5 18. exd5 g6 19. Ne4 Bg7 20. Rd3 h6
21. g4 Rc4 22. h3 f5 23. gxf5 gxf5 24. Ng3 e4 25. Rd2 Rf8 26. Kg2 Be5 27. Rde2
Rc7 28. Kh1 Rg7 29. Rg1 Rf6 30. Ree1 Rg5 31. h4 Rg4 32. Nxf5 Rxg1+ 33. Rxg1+
Kf7 34. Ne3 Rxf2 35. Rg2 Rf3 36. Ng4 Bf4 37. Rf2 h5 38. Rxf3 exf3 39. Nf2 Kf6
40. b4 b5 41. Nh3 Ke5 42. Kg1 Be3+ 43. Kf1 Kxd5 44. Ng5 Kc4 45. Nxf3 Kxc3 46.
Ke2 Bf4 47. Ne1 Bg3 48. Nf3 Kxb4 49. Nd4 Ka3 0-1

[Event "Mechanics' Summer TNM; 30/90, SD/30"]
[Site "San Francisco"]
[Date "2009.07.14"]
[Round "8.16"]
[White "Dembling, Arthur"]
[Black "Leavens, Weston"]
[Result "0-1"]
[WhiteElo "1711"]
[BlackElo "1782"]
[PlyCount "102"]
[EventDate "2009.??.??"]

1. e4 e6 2. d4 d5 3. e5 c5 4. c3 Qb6 5. Nf3 Nc6 6. Be2 cxd4 7. cxd4 Nh6 8. Nc3
Nf5 9. Na4 Qa5+ 10. Bd2 Bb4 11. Bc3 b5 12. a3 Qxa4 13. Bxb4 Qxd1+ 14. Rxd1 Nxb4
15. Bxb5+ Bd7 16. Bxd7+ Kxd7 17. axb4 f6 18. Ke2 Rhb8 19. Rd2 Rxb4 20. Ra1 a5
21. g4 Ne7 22. Rc1 Rab8 23. Rcc2 Nc6 24. h3 a4 25. Ke3 fxe5 26. Rxc6 Kxc6 27.
Nxe5+ Kd6 28. Rc2 R4b6 29. Nd3 Rb3 30. Ke2 Ke7 31. f3 Kd8 32. Kd2 R3b5 33. Ne5
R8b7 34. Nd3 Ke7 35. Nc5 Rc7 36. Kc1 Rb4 37. Rd2 Rb3 38. Re2 Rc6 39. Rf2 Rd3
40. Rd2 Rxf3 41. Kb1 Rxh3 42. Nxa4 Rg3 43. Nc5 Rxg4 44. b3 h5 45. Kb2 h4 46.
Ka3 Rg3 47. Ka4 h3 48. Rh2 g5 49. Kb5 Rc8 50. Re2 Rxc5+ 51. Kxc5 Rxb3 0-1

[Event "Mechanics' Spring TNM; 30/90, SD/30"]
[Site "San Francisco"]
[Date "2009.04.28"]
[Round "7.12"]
[White "Dembling, Arthur"]
[Black "Manvelyan, Hovik"]
[Result "1/2-1/2"]
[WhiteElo "1714"]
[BlackElo "1903"]
[PlyCount "77"]
[EventDate "2009.??.??"]

1. e4 e6 2. d4 d5 3. e5 c5 4. c3 Nc6 5. Be3 Nh6 6. Bd3 Qb6 7. Qd2 cxd4 8. cxd4
Nb4 9. Be2 Bd7 10. a3 Nc6 11. Nf3 Nf5 12. Nc3 Na5 13. Rb1 Rc8 14. O-O Be7 15.
Bd3 Nc4 16. Qe2 O-O 17. Bxf5 Nxe3 18. fxe3 exf5 19. Nxd5 Qe6 20. Nxe7+ Qxe7 21.
Rbc1 Bc6 22. Qd3 Qd7 23. Qd2 Qd5 24. Rc5 Qe4 25. Rfc1 Rcd8 26. Qf2 Rfe8 27. Nd2
Qg4 28. Nc4 Re6 29. Nd6 f4 30. exf4 Rdxd6 31. f5 Re8 32. h3 Qxd4 33. exd6 Qxd6
34. R5c2 h6 35. Qxa7 Qd3 36. Qf2 Re5 37. Rd2 Qe4 38. Rcc2 Rxf5 39. Qe2 1/2-1/2

[Event "Mechanics' Wilkerson Mem TNM; 30/90, SD"]
[Site "San Francisco"]
[Date "2009.08.25"]
[Round "4.15"]
[White "Dembling, Arthur"]
[Black "Mar, Henry"]
[Result "1-0"]
[WhiteElo "1733"]
[BlackElo "1500"]
[PlyCount "103"]
[EventDate "2009.??.??"]

1. e4 c5 2. Nf3 d6 3. Bb5+ Bd7 4. Bxd7+ Nxd7 5. O-O Ngf6 6. d3 g6 7. Ng5 Bg7 8.
f4 h6 9. Nh3 O-O 10. Nd2 b5 11. Qe2 Qb6 12. Kh1 e6 13. g4 Qb7 14. Qg2 e5 15. f5
g5 16. Nf3 Nh7 17. Nf2 f6 18. h4 Rac8 19. hxg5 hxg5 20. b3 Rf7 21. Rb1 a5 22.
Qh2 d5 23. Kg2 d4 24. Rh1 Ndf8 25. Nh3 Qe7 26. Bd2 b4 27. Be1 Rc6 28. Nd2 Ra6
29. Nc4 Qc7 30. Bg3 Re7 31. Ng1 Re8 32. Nf3 Re7 33. Nfd2 a4 34. Ra1 a3 35. Nf3
Re8 36. Qg1 Re7 37. Rh5 Bh8 38. Qh2 Ra7 39. Rh1 Bg7 40. Rxh7 Nxh7 41. Qxh7+ Kf8
42. Ncxe5 fxe5 43. Nxg5 Ra6 44. Ne6+ Raxe6 45. fxe6 Rxe6 46. Rf1+ Ke8 47. Qg8+
Kd7 48. Rf7+ Re7 49. Qxg7 Rxf7 50. Qxf7+ Kc6 51. Qxc7+ Kxc7 52. Bxe5+ 1-0

[Event "Mechanics' Winter TNM; 30/90, SD/30"]
[Site "San Francisco"]
[Date "2009.02.24"]
[Round "8.21"]
[White "Dembling, Arthur"]
[Black "Milliken, William"]
[Result "1-0"]
[WhiteElo "1714"]
[BlackElo "1657"]
[PlyCount "49"]
[EventDate "2009.??.??"]

1. e4 e5 2. Nf3 Nc6 3. Bb5 f5 4. Bxc6 dxc6 5. Qe2 Bd6 6. O-O Nf6 7. Nc3 O-O 8.
d3 f4 9. d4 Bg4 10. dxe5 Bxf3 11. Qxf3 Bxe5 12. Ne2 Qe8 13. Re1 g5 14. Qb3+ Kh8
15. f3 Rd8 16. Qb4 Qd7 17. Rb1 Nh5 18. Qa5 Bd4+ 19. Kh1 Ng3+ 20. hxg3 Qg7 21.
Nxd4 Qh6+ 22. Kg1 fxg3 23. Qe5+ Rf6 24. Qxg3 Rxd4 25. Bxg5 1-0

[Event "Mechanics' Winter TNM; 30/90, SD/30"]
[Site "San Francisco"]
[Date "2009.02.10"]
[Round "6.20"]
[White "Dembling, Arthur"]
[Black "Nelson, Christopher"]
[Result "1-0"]
[WhiteElo "1714"]
[BlackElo "1407"]
[PlyCount "91"]
[EventDate "2009.??.??"]

1. e4 d5 2. exd5 Qxd5 3. Nc3 Qd8 4. d4 Nf6 5. h3 c6 6. Nf3 Bf5 7. Bc4 e6 8. Bd2
Nbd7 9. Bb3 Bd6 10. Qe2 Ng8 11. Bg5 Be7 12. Bf4 Ngf6 13. O-O Nb6 14. Rad1 Nbd5
15. Nxd5 Nxd5 16. Bg3 O-O 17. c4 Nf6 18. Nh4 Re8 19. Nxf5 exf5 20. Qd3 Ne4 21.
Be5 Bd6 22. f4 c5 23. Qe3 Qc7 24. Bc2 Bxe5 25. dxe5 Qc6 26. Rd5 Qb6 27. Bxe4
fxe4 28. Qxe4 Qxb2 29. Rf2 Qa3 30. Rfd2 f5 31. Qe2 b6 32. Rd7 Qg3 33. Qh5 Rf8
34. Qf3 Qxf3 35. gxf3 Rfe8 36. R2d6 Kf8 37. Kf2 Re7 38. Kg3 Ke8 39. Rxe7+ Kxe7
40. Kh4 Rd8 41. Rxd8 Kxd8 42. a4 a5 43. Kg3 b5 44. cxb5 c4 45. Kf2 Ke7 46. Ke2
1-0

[Event "Mechanics' Winter TNM; 30/90, SD/30"]
[Site "San Francisco"]
[Date "2009.01.27"]
[Round "4.14"]
[White "Dembling, Arthur"]
[Black "Periwal, Prashant"]
[Result "0-1"]
[WhiteElo "1714"]
[BlackElo "1869"]
[PlyCount "76"]
[EventDate "2009.??.??"]

1. e4 c5 2. Nf3 Nc6 3. d4 cxd4 4. Nxd4 e5 5. Nb3 Nf6 6. Nc3 Bb4 7. Bg5 Bxc3+ 8.
bxc3 h6 9. Bxf6 Qxf6 10. Bc4 O-O 11. Qe2 b6 12. Rd1 Rd8 13. O-O Bb7 14. Rd3 Qe7
15. Rf3 Rf8 16. Rd1 Nd8 17. Rfd3 Bc6 18. Qg4 Ne6 19. Rg3 Qg5 20. Qe2 Nf4 21.
Qe3 Qh5 22. Rd6 b5 23. Bf1 Rfe8 24. Nd4 exd4 25. Qxf4 Rxe4 26. Qd2 dxc3 27.
Qxc3 Qe5 28. Qd2 Kf8 29. h3 Re8 30. Rgd3 Qa1 31. Re3 Rxe3 32. fxe3 Qxa2 33. Qb4
Kg8 34. Qg4 Qxc2 35. Rxh6 Qd2 36. Rh4 Qxe3+ 37. Kh1 Qf2 38. Qh5 Qxf1+ 0-1

[Event "Mechanics' Summer TNM; 30/90, SD/30"]
[Site "San Francisco"]
[Date "2009.06.25"]
[Round "5.13"]
[White "Dembling, Arthur"]
[Black "Persidsky, Andre"]
[Result "1-0"]
[WhiteElo "1711"]
[BlackElo "1855"]
[PlyCount "72"]
[EventDate "2009.??.??"]

1. e4 c5 2. Nf3 Nc6 3. Bb5 d6 4. O-O Bg4 5. Re1 e5 6. h3 Bh5 7. Nc3 a6 8. Bxc6+
bxc6 9. d3 Nf6 10. Bg5 Be7 11. b3 O-O 12. Na4 Nd7 13. Bd2 f5 14. Nb2 fxe4 15.
dxe4 Bxf3 16. gxf3 Bg5 17. Nc4 Qf6 18. Bxg5 Qxg5+ 19. Kh1 Qh4 20. Kg2 Rf6 21.
Nxd6 Rg6+ 22. Kf1 Qxh3+ 23. Ke2 Qe6 24. Nf5 c4 25. Qd2 Nb6 26. Rg1 Nd5 27. Rxg6
hxg6 28. exd5 Qxf5 29. dxc6 e4 30. Qc3 exf3+ 31. Kd1 Qd5+ 32. Kc1 Qxc6 33. Kb2
Rc8 34. Rd1 cxb3 35. Rd8+ Kf7 36. Rxc8 Qa4 1-0

[Event "Mechanics' Summer TNM; 30/90, SD/30"]
[Site "San Francisco"]
[Date "2009.06.02"]
[Round "2.26"]
[White "Dembling, Arthur"]
[Black "Ravdin, Bill"]
[Result "1-0"]
[WhiteElo "1711"]
[BlackElo "1280"]
[PlyCount "47"]
[EventDate "2009.??.??"]

1. e4 c5 2. Nf3 d6 3. Bb5+ Nc6 4. O-O g6 5. Re1 Nf6 6. h3 Bg7 7. Nc3 O-O 8.
Bxc6 bxc6 9. d3 d5 10. e5 Nd7 11. Bf4 Ba6 12. b3 Bb7 13. Qd2 Bh8 14. h4 a5 15.
h5 e6 16. hxg6 fxg6 17. Re2 a4 18. Nxa4 Ba6 19. c4 d4 20. Ng5 Qe7 21. Rae1 Rf5
22. g4 Rff8 23. Kg2 Bb7 24. Rh1 1-0

[Event "Mechanics' Wilkerson Mem TNM; 30/90, SD"]
[Site "San Francisco"]
[Date "2009.09.08"]
[Round "6.9"]
[White "Dembling, Arthur"]
[Black "Riese, Kavyen"]
[Result "0-1"]
[WhiteElo "1733"]
[BlackElo "1843"]
[PlyCount "68"]
[EventDate "2009.??.??"]

1. e4 c5 2. Nf3 d6 3. Bb5+ Bd7 4. Bxd7+ Qxd7 5. O-O Nc6 6. c3 g6 7. d4 Nf6 8.
Bf4 Nxe4 9. d5 Nb8 10. Re1 f5 11. Nbd2 Nxd2 12. Qxd2 h6 13. h4 Na6 14. Re6 Kf7
15. Rae1 Nc7 16. R6e2 Re8 17. Re6 Bg7 18. c4 Bf6 19. Bxh6 Kg8 20. R6e2 b5 21.
b3 b4 22. Bg5 Bc3 23. Qe3 Bxe1 24. Rxe1 e5 25. Bf6 Rh5 26. Ng5 Rf8 27. Bxe5
dxe5 28. Qxe5 Re8 29. Ne6 Nxe6 30. dxe6 Qe7 31. Qg3 Kh7 32. Qe5 Qxh4 33. Kf1
Qe7 34. Qd5 Rh1+ 0-1

[Event "Mechanics' Spring TNM; 30/90, SD/30"]
[Site "San Francisco"]
[Date "2009.03.31"]
[Round "3.9"]
[White "Dembling, Arthur"]
[Black "Sandberg, Evan"]
[Result "0-1"]
[WhiteElo "1714"]
[BlackElo "2009"]
[PlyCount "62"]
[EventDate "2009.??.??"]

1. e4 c5 2. Nf3 Nc6 3. Bb5 g6 4. O-O Bg7 5. c3 Nf6 6. e5 Nd5 7. d4 cxd4 8. cxd4
O-O 9. Nc3 Nc7 10. Bf4 Nxb5 11. Nxb5 Qb6 12. Qb3 Na5 13. Qd3 a6 14. Na3 d5 15.
exd6 Bf5 16. Qd2 exd6 17. Rac1 Rfd8 18. b4 Nc6 19. Nc4 Qxb4 20. Qxb4 Nxb4 21.
Nxd6 Nd3 22. Nxf5 gxf5 23. Bc7 Nxc1 24. Bxd8 Ne2+ 25. Kh1 Rxd8 26. Rb1 b5 27.
Re1 Nxd4 28. Rd1 Nc6 29. Rc1 Ne5 30. Nh4 Nd3 31. Rc2 Nb4 0-1

[Event "Mechanics' Fall TNM; 30/90, SD/30"]
[Site "San Francisco"]
[Date "2009.10.27"]
[Round "2.22"]
[White "Dembling, Arthur"]
[Black "Smith, Andrew"]
[Result "1-0"]
[WhiteElo "1729"]
[BlackElo "1574"]
[PlyCount "61"]
[EventDate "2009.??.??"]

1. e4 c5 2. Nf3 Nc6 3. Bb5 g6 4. O-O Bg7 5. d3 e6 6. Bxc6 bxc6 7. Nc3 Rb8 8.
Qe1 Ne7 9. b3 O-O 10. Rb1 d5 11. Bd2 Ba6 12. Na4 c4 13. dxc4 dxc4 14. Nc5 cxb3
15. Nxa6 Rb6 16. Ba5 bxa2 17. Rd1 Qxd1 18. Qxd1 Rxa6 19. Qd2 Rb8 20. e5 Rb1 21.
Bc3 Nd5 22. Ba1 Rab6 23. c4 Rxf1+ 24. Kxf1 Rb1+ 25. Ke2 Nb4 26. Qc3 c5 27. Nd2
Bh6 28. Nb3 a5 29. Nxc5 Rc1 30. Qd4 Nc2 31. Qd8+ 1-0

[Event "Mechanics' Spring TNM; 30/90, SD/30"]
[Site "San Francisco"]
[Date "2009.03.17"]
[Round "2"]
[White "Dembling, Arthur"]
[Black "Snyder, Larry"]
[Result "1/2-1/2"]
[WhiteElo "1714"]
[BlackElo "2062"]
[PlyCount "52"]
[EventDate "2009.??.??"]

1. e4 d5 2. exd5 Qxd5 3. Nc3 Qa5 4. d4 Nf6 5. Nf3 c6 6. Bc4 Bf5 7. Bd2 e6 8.
Qe2 Bb4 9. O-O-O Nbd7 10. a3 Bxc3 11. Bxc3 Qc7 12. Ne5 b5 13. Bb3 O-O 14. g4
Be4 15. g5 Bxh1 16. gxf6 Bd5 17. fxg7 Rfe8 18. Ng4 Qf4+ 19. Bd2 Bf3 20. Bxf4
Bxe2 21. Nh6+ Kxg7 22. Rg1+ Kf6 23. Bg5+ Kg6 24. Bf4+ Kf6 25. Bg5+ Kg6 26. Bf4+
Kf6 1/2-1/2

[Event "Mechanics' Fall TNM; 30/90, SD/30"]
[Site "San Francisco"]
[Date "2009.12.01"]
[Round "7.21"]
[White "Dembling, Arthur"]
[Black "Stipins, Janis"]
[Result "1-0"]
[WhiteElo "1729"]
[BlackElo "1511"]
[PlyCount "41"]
[EventDate "2009.??.??"]

1. e4 c5 2. Nf3 d6 3. Bb5+ Bd7 4. Bxd7+ Qxd7 5. O-O Nc6 6. c3 Nf6 7. d4 cxd4 8.
cxd4 Nxe4 9. d5 Ne5 10. Re1 Nxf3+ 11. Qxf3 Nf6 12. Nc3 O-O-O 13. a4 Kb8 14. Be3
Qg4 15. Bxa7+ Ka8 16. Qe3 Qc4 17. Red1 e6 18. dxe6 fxe6 19. Rac1 Qa6 20. Nb5
Rd7 21. Rc8# 1-0

[Event "Mechanics' Summer TNM; 30/90, SD/30"]
[Site "San Francisco"]
[Date "2009.06.16"]
[Round "4.22"]
[White "Dembling, Arthur"]
[Black "Toolis, Patrick"]
[Result "1-0"]
[WhiteElo "1711"]
[BlackElo "1247"]
[PlyCount "69"]
[EventDate "2009.??.??"]

1. e4 e5 2. Nf3 d6 3. d4 exd4 4. Nxd4 Nf6 5. Nc3 h6 6. Bc4 Be7 7. Be3 O-O 8.
Qd2 a6 9. f3 b5 10. Bd3 c5 11. Nf5 Bxf5 12. exf5 d5 13. Bf4 b4 14. Na4 c4 15.
Be2 Nc6 16. O-O-O Qa5 17. b3 c3 18. Qe1 Nh5 19. Be3 Qd8 20. g4 Bg5 21. Qf2 d4
22. f4 Qe7 23. fxg5 dxe3 24. Qf3 Qxg5 25. gxh5 Ne5 26. Qe4 Rae8 27. Rhg1 Nf3
28. Qxf3 Qh4 29. f6 Qf2 30. Qg4 Qxf6 31. Nc5 Re7 32. Nd7 Qg5 33. Qxg5 hxg5 34.
Nxf8 Kxf8 35. Rxg5 1-0

[Event "Mechanics' Fall TNM; 30/90, SD/30"]
[Site "San Francisco"]
[Date "2009.11.10"]
[Round "4.21"]
[White "Dembling, Arthur"]
[Black "Van Gorder, Neil"]
[Result "1/2-1/2"]
[WhiteElo "1729"]
[BlackElo "1462"]
[PlyCount "107"]
[EventDate "2009.??.??"]

1. e4 c5 2. Nf3 g6 3. c3 Bg7 4. Bc4 e6 5. O-O Ne7 6. d3 O-O 7. Bg5 Nbc6 8. Qd2
Re8 9. a4 d5 10. Bb5 a6 11. Bxc6 bxc6 12. e5 Rb8 13. Re1 Qa5 14. Re2 Bd7 15.
Qc2 h6 16. Bf4 Rb7 17. c4 Reb8 18. Ra2 Rb4 19. Bd2 Nf5 20. Bxb4 Qxb4 21. Nbd2
a5 22. Nf1 Qb6 23. Ng3 Ne7 24. Nf1 Nf5 25. Ne3 Nd4 26. Nxd4 cxd4 27. c5 Qc7 28.
Ng4 Qd8 29. f4 h5 30. Nf2 Rb4 31. Nh3 Bh6 32. g3 Bc8 33. b3 Ba6 34. Rd2 Qe7 35.
Ra1 Qb7 36. Rb1 Qe7 37. Rdd1 Bf8 38. Rdc1 Bh6 39. Qd1 Qb7 40. Kg2 Qe7 41. Ng1
Bf8 42. Nf3 Qa7 43. Qc2 Be7 44. Kf2 f6 45. Ke2 Kg7 46. exf6+ Bxf6 47. Ne5 Bxe5
48. fxe5 Qc7 49. Re1 Qxe5+ 50. Kd2 Qg5+ 51. Kd1 Qg4+ 52. Kd2 Qg5+ 53. Kd1 Qf5
54. Kd2 1/2-1/2

[Event "Mechanics' Fall TNM; 30/90, SD/30"]
[Site "San Francisco"]
[Date "2009.11.24"]
[Round "6.15"]
[White "Dembling, Arthur"]
[Black "Wong, Russell"]
[Result "0-1"]
[WhiteElo "1729"]
[BlackElo "2200"]
[PlyCount "34"]
[EventDate "2009.??.??"]

1. e4 Nf6 2. e5 Nd5 3. Nc3 Nxc3 4. dxc3 Nc6 5. Nf3 d6 6. Bb5 Bd7 7. Bf4 dxe5 8.
Nxe5 Nxe5 9. Bxe5 Bxb5 10. Qf3 Bc6 11. Qg3 Qd5 12. O-O O-O-O 13. Bxc7 Rd7 14.
Bf4 g5 15. Be3 f5 16. Bxa7 f4 17. Qg4 h5 0-1

[Event "Mechanics' Fall TNM; 30/90, SD/30"]
[Site "San Francisco"]
[Date "2009.10.20"]
[Round "1.26"]
[White "Drane, Robert"]
[Black "Campers, Willie"]
[Result "0-1"]
[WhiteElo "1861"]
[BlackElo "1742"]
[PlyCount "54"]
[EventDate "2009.??.??"]

1. e4 e6 2. d3 c5 3. g3 d5 4. Nd2 Nc6 5. Bg2 d4 6. Ngf3 e5 7. Nc4 Qc7 8. a4 Nf6
9. O-O Be7 10. Nh4 g6 11. h3 Be6 12. b3 Nd7 13. Nf3 h6 14. Bd2 O-O-O 15. Nh2 f5
16. f4 Rdg8 17. fxe5 Ndxe5 18. Nxe5 Qxe5 19. Bf4 Qg7 20. exf5 gxf5 21. Bxc6
bxc6 22. Qe1 Bd5 23. Nf3 Bg5 24. Nxg5 hxg5 25. Be5 Qh6 26. Bxh8 Qxh3 27. Rf3
Rxh8 0-1

[Event "Mechanics' Winter TNM; 30/90, SD/30"]
[Site "San Francisco"]
[Date "2009.02.24"]
[Round "8.11"]
[White "Drane, Robert"]
[Black "Campers, Willie"]
[Result "0-1"]
[WhiteElo "1857"]
[BlackElo "1709"]
[PlyCount "60"]
[EventDate "2009.??.??"]

1. e4 e6 2. f4 d5 3. e5 Nh6 4. Nf3 c5 5. c3 Nc6 6. Na3 a6 7. Nc2 Nf5 8. d4 b5
9. dxc5 Bxc5 10. b4 Ba7 11. a4 Qb6 12. Qe2 bxa4 13. g4 Nfe7 14. Be3 Qc7 15.
Bxa7 Nxa7 16. c4 O-O 17. Ncd4 Bb7 18. c5 a5 19. Nb5 Nxb5 20. Qxb5 axb4 21. Qxb4
Nc6 22. Qb6 Qe7 23. Bb5 Rfc8 24. O-O a3 25. Rfc1 h6 26. Bxc6 Rxc6 27. Qb4 Rca6
28. Rc3 Ra4 29. Qb1 d4 30. Rd3 Be4 0-1

[Event "Mechanics' Fall TNM; 30/90, SD/30"]
[Site "San Francisco"]
[Date "2009.12.01"]
[Round "7.9"]
[White "Drane, Robert"]
[Black "Grey, Peter"]
[Result "0-1"]
[WhiteElo "1861"]
[BlackElo "2007"]
[PlyCount "98"]
[EventDate "2009.??.??"]

1. e4 e5 2. Bc4 Nf6 3. Nc3 Nc6 4. d3 Bb4 5. Bg5 h6 6. Bxf6 Bxc3+ 7. bxc3 Qxf6
8. Ne2 d6 9. O-O Na5 10. Bb3 Nxb3 11. axb3 Qg6 12. f4 Bg4 13. Qd2 Bxe2 14. Qxe2
f6 15. f5 Qf7 16. c4 a6 17. Qe3 Rc8 18. Ra5 c6 19. Rfa1 O-O 20. R1a2 Rfd8 21.
Qf3 Rd7 22. g4 Rcd8 23. h3 d5 24. cxd5 cxd5 25. exd5 Rxd5 26. Rxd5 Qxd5 27.
Qxd5+ Rxd5 28. Ra4 Rc5 29. c4 Rc6 30. Kf2 Kf7 31. Ke3 Ke7 32. d4 exd4+ 33. Kxd4
Rd6+ 34. Kc3 Rc6 35. Ra2 b5 36. Rd2 bxc4 37. b4 Rd6 38. Re2+ Kd7 39. Kxc4 Rc6+
40. Kb3 Rd6 41. Re3 h5 42. Ka4 hxg4 43. hxg4 Rd4 44. Rg3 Kc6 45. Ka5 Kb7 46. g5
Rd5+ 47. Ka4 Rxf5 48. gxf6 gxf6 49. Rg1 Kb6 {
Scoresheets become indecipherable here. Black won in 58 moves.} 0-1

[Event "Mechanics' Winter TNM; 30/90, SD/30"]
[Site "San Francisco"]
[Date "2009.01.27"]
[Round "4.7"]
[White "Drane, Robert"]
[Black "Luke, Gary"]
[Result "1-0"]
[WhiteElo "1857"]
[BlackElo "1812"]
[PlyCount "117"]
[EventDate "2009.??.??"]

1. e4 c5 2. Nf3 Nc6 3. Bb5 Nf6 4. Nc3 e6 5. Bxc6 bxc6 6. O-O Be7 7. e5 Nd5 8.
Ne4 O-O 9. d4 Ba6 10. Re1 c4 11. c3 Qb6 12. Qe2 Rab8 13. Rb1 f5 14. exf6 gxf6
15. Nh4 f5 16. Ng5 Bxg5 17. Bxg5 Nf6 18. Bxf6 Rxf6 19. Qe5 Rbf8 20. Re3 Qb8 21.
Rg3+ Kf7 22. Qe2 Rh6 23. Nf3 Rg8 24. Ne5+ Ke7 25. Qe3 Rh4 26. Rf3 Qf8 27. Re1
Re4 28. Qxe4 fxe4 29. Rxf8 Rxf8 30. Rxe4 Rb8 31. Re2 Bb5 32. f4 d6 33. Nf3 h6
34. f5 e5 35. dxe5 dxe5 36. Nxe5 Rg8 37. Nxc6+ Kf6 38. Re6+ Kg5 39. Nd4 Be8 40.
g3 Bh5 41. Kg2 Rb8 42. b3 cxb3 43. axb3 Bf7 44. h4+ Kh5 45. Kh3 Rg8 46. Ne2 Rg4
47. Nf4+ Rxf4 48. gxf4 a5 49. Rb6 a4 50. bxa4 Bc4 51. a5 Bd3 52. a6 Bxa6 53. f6
Bf1+ 54. Kg3 Kg6 55. f5+ Kf7 56. Kf4 Bc4 57. Ke5 Ba2 58. Rb7+ Kf8 59. f7 1-0